000 02108nam a22003017a 4500
999 _c57024
_d57024
003 Ge_BSU
005 20191018105138.0
008 191018s2018 ge ||||| |||| 00| 0 geo d
020 _a9789941803833
041 _ageo
080 _a94(=352.2)(479.223)+392(=352.2)+929.52(479.22)+821.353.1-94 ა-11
245 _aაფხაზები აჭარაში : წარსული და თანამედროვეობა :
_b[მონოგრაფია] /
_cავტორები : ჯემალ კარალიძე ; მალხაზ ჩოხარაძე ; რევაზ დიასამიძე [და სხვ.] ; რედ : ჯემალ კარალიძე .
264 _aბათუმი - თბილისი :
_bსამშობლო,
_c2018.
300 _a280, [32] გვ. :
_b ფოტ. ;
_c25 სმ.
504 _aბიბლიოგრ.: გვ. 273-280.
518 _aპროექტი განხორციელდა შოთა რუსთაველის ეროვნული სამეცნიერო ფონდის ფინანსური მხარდაჭერით.
520 _aრეზიუმე ინგლ. ენაზე.
653 _aაფხაზები აჭარაში
653 _aაფხაზური ადათ-წესები
653 _aაფხაზური ოჯახების ისტორია
653 _aქართული მემუარული ლიტერატურა
700 _aკარალიძე , ჯემალ
_94089
700 _aჩოხარაძე , მალხაზ
_94816
700 _aდიასამიძე , რევაზ
_9111
700 _aკარალიძე , ჯემალ
_eრედაქტორი
_94089
710 _eბათუმის შოთა რუსთაველის სახელმწ. უნ-ტი, ჰუმანიტარულ მეცნიერებათა ფაკ-ტი.
_94817
942 _2udc
_cBK